| 000 | 00568cam a2200169 4500 | ||
|---|---|---|---|
| 001 | 98 | ||
| 005 | 20181127160353.0 | ||
| 008 | 040317s2005 njua b 001 0 eng | ||
| 010 | _a 2004044610 | ||
| 020 | _a0131837567 (alk. paper) | ||
| 100 | 1 | _aDelaney, Tim. | |
| 245 | 1 | 0 |
_aContemporary social theory : _binvestigation and application / _cTim Delaney. |
| 260 |
_aUpper Saddle River, NJ : _bPearson/Prentice Hall, _cc2005. |
||
| 300 |
_axv, 392 p. : _bill. ; _c24 cm. |
||
| 504 | _aIncludes bibliographical references (p. 361-376) and index. | ||
| 650 | 0 |
_aSociology _xPhilosophy. |
|
| 999 |
_c83 _d83 |
||